Schopenhauer y los años salvajes de la filosofía : biografía /

Arthur Schopenhauer (1778-1860), filósofo alemán, creador de la doctrina filosófica denominada voluntarismo, en el que sostiene la primacía de la voluntad y de los aspectos morales sobre la inteligencia y las capacidades racionales. La presente obra es un estudio biográfico sobre él, que da cuenta d...

Celý popis

Uloženo v:
Podrobná bibliografie
Hlavní autor: Safranski, Rüdiger (autor)
Médium: Kniha
Jazyk:španělština
Vydáno: México : Tusquets, 2008, c2008
Edice:(Tiempo de Memoria ; 70)
Témata:
Tagy: Přidat tag
Žádné tagy, Buďte první, kdo vytvoří štítek k tomuto záznamu!

MARC

LEADER 00000nam^a2200000^a^4500
001 000319001
005 20250521000000.0
009 20260310113428.833
020 |a 978-607-421-000-2 
037 |a Acervo ITESO - Biblioteca 
041 |a ESP 
082 |a 141.  |b SCH EST SAF 
100 |a Safranski, Rüdiger  |e (autor) 
245 1 0 |a Schopenhauer y los años salvajes de la filosofía :  |b biografía /  |c R. Safranski ; tr. por José Planells Puchades. 
264 4 |a México :  |b Tusquets,  |c 2008, c2008 
300 |a 495 p. 
336 |a texto  |b txt  |2 rdacontenido 
337 |a sin mediación  |b n  |2 rdamedio 
338 |a volumen  |b nc  |2 rdasoporte 
440 1 |a (Tiempo de Memoria ;  |v 70) 
500 |a Traducción de: Schopenhauer und die wilden Jahre der Philosophie 
520 |a Arthur Schopenhauer (1778-1860), filósofo alemán, creador de la doctrina filosófica denominada voluntarismo, en el que sostiene la primacía de la voluntad y de los aspectos morales sobre la inteligencia y las capacidades racionales. La presente obra es un estudio biográfico sobre él, que da cuenta de sus relaciones familiares, su formación académica, la configuración de su pensamiento y el posicionamiento tardío de sus aportes filosóficos en medio de un ambiente altamente intelectual dominado por el romaticismo y el idealismo y las figuras de Hegel, Fichte y Kant, entre otros. 
649 |a XX 
650 |a Filósofos Alemanes -  |x Biografías 
650 |a Razón 
650 |a Representación (Filosofía) 
650 |a Metafísica 
650 |a Voluntarismo -  |x Historia y Crítica 
650 |a Filosofía del Siglo XIX -  |x Historia y Crítica 
650 |a Filosofía Alemana -  |x Historia y Crítica 
650 |a Schopenhauer, Arthur -  |x Tema Principal 
910 |a Fondo General 
920 |a Impresos - Libros 
930 |a Colección General 
905 |a 101 
901 |a 0500206116  |b IT1  |c ACC  |i C130819  |u 20250521 
902 |a https://opac.biblio.iteso.mx/vufind/Record/000319001